100 a 1 jídel z mikrovlnné trouby

Main Author: Vernerová, Eva, kuchařské předpisy
Language: Czech
Published: Praha : Merkur, 1994
Edition: 1. vyd.
Series: 100 a 1
Subjects:
Physical Description: 77 s. : obr.
Book
Saved in:
LEADER 01182nam a2200373 a 4500
001 000011471
003 CZ BrMZK
005 20251121103034.0
007 ta
008 941108s1994 xr e f cze d
015 |a cnb000090029 
020 |a 80-7032-422-8  |c 30.00 
040 |a BOA001  |b cze 
072 7 |a 641  |x Kuchařství. Potraviny. Vařená jídla  |2 Konspekt  |9 19 
080 |a 641.55  |2 MRF 
080 |a 641.53.029:683.958  |2 MRF 
080 |a (083.12)  |2 MRF 
100 1 |a Vernerová, Eva,  |c kuchařské předpisy 
245 1 0 |a 100 a 1 jídel z mikrovlnné trouby 
246 3 2 |a Sto a jedna jídel z mikrovlnné trouby 
250 |a 1. vyd. 
260 |a Praha :  |b Merkur,  |c 1994 
300 |a 77 s. :  |b obr. 
490 1 |a 100 a 1 [čís. ed.] ;  |v 2 
650 0 7 |a jídla  |7 ph114847  |2 czenas 
650 0 7 |a mikrovlnné trouby  |7 ph115315  |2 czenas 
650 0 9 |a meals  |2 eczenas 
650 0 9 |a microwave ovens  |2 eczenas 
655 7 |a kuchařské recepty  |7 fd132687  |2 czenas 
655 9 |a cookbooks  |2 eczenas 
830 0 |a 100 a 1  |0 s 
910 |a BOA001  |b 1-1003.364 
990 |a BK 
996 6 |b 2610833425  |c 1-1003.364  |l MZK  |r Sklad / do 1 hodiny  |n 0  |p dar  |w 000011471  |u 000020  |a 1  |e BOA001  |j MZK50  |s P